Current Monarchs of the World #2 - Statistics

General Stats
  • This quiz has been taken 44 times
  • The average score is 13 of 15
Answer Stats
Monarch Country % Correct
Queen Elizabeth II 16 nations
100%
King Carl XVI Gustaf Sweden
100%
King Harald V Norway
95%
Grand Duke Henri Luxembourg
89%
Prince Albert II Monaco
89%
Sultan Qaboos bin Said Oman
87%
King Hamad ibn Isa Bahrain
84%
Sultan Hassanal Bolkiah Brunei
84%
President Khalifa bin Zayed United Arab Emirates
84%
Emir Tamim bin Hamad Qatar
82%
King Salman bin Abdul‘aziz Saudi Arabia
82%
King Letsie III Lesotho
79%
Jorge Mario Bergoglio Vatican City
76%
Archbishop Joan Enric Andorra
63%
King Norodom Sihamoni Cambodia
61%
No matching quizzes found
Score Distribution
Percent of People with Each Score
Percentile by Number Answered
Your Score History
You have not taken this quiz